[Event "Mistrovstvi CR senioru nad 60 let"]
[Site "Pelcovo divadlo Rychnov nad Kn"]
[Date "2016.08.21"]
[Round "2.12"]
[White "Just, Pavel"]
[Black "Vesely, Emanuel"]
[Result "1/2-1/2"]
[WhiteElo "1971"]
[BlackElo "1784"]
[PlyCount "119"]
[EventDate "2016.08.20"]

1. e4 e5 2. Nf3 Nc6 3. Bb5 Nf6 4. O-O Nxe4 5. d4 Nd6 6. Bxc6 dxc6 7. dxe5 Nf5
8. Qxd8+ Kxd8 9. Nc3 Be7 10. Rd1+ Ke8 11. b3 Nh4 12. Nxh4 Bxh4 13. Ne2 Bd7 14.
Bb2 Rd8 15. e6 Bxe6 16. Bxg7 Rg8 17. Be5 Rxd1+ 18. Rxd1 Bg4 19. Rd2 Bd8 20. Ng3
Bd7 21. Ne4 b6 22. Bxc7 Be7 23. Bd6 Rg6 24. Bxe7 Kxe7 25. f3 Bf5 26. Ng3 Bd7
27. Kf2 c5 28. c3 Rh6 29. h3 Rg6 30. Ne2 Rf6 31. g4 Bc6 32. Rd3 h6 33. Re3+ Kd7
34. Rd3+ Ke7 35. Ng3 Bd7 36. Re3+ Kd8 37. Ne4 Re6 38. c4 Bc6 39. Ng3 Rf6 40.
Rd3+ Kc7 41. Nf5 h5 42. Kg3 hxg4 43. hxg4 Re6 44. Re3 Kd7 45. Rd3+ Kc7 46. Kf4
Re2 47. a4 Bd7 48. Ng3 Ra2 49. g5 Bxa4 50. bxa4 Rxa4 51. Ne4 Rxc4 52. Ke5 Rd4
53. Rxd4 cxd4 54. Kf6 a5 55. Kxf7 a4 56. g6 a3 57. Nd2 d3 58. g7 a2 59. g8=Q
a1=Q 60. Qg3+ 1/2-1/2

[Event "Mistrovstvi CR senioru nad 60 let"]
[Site "Pelcovo divadlo Rychnov nad Kn"]
[Date "2016.08.21"]
[Round "2.13"]
[White "Kopij, Jozef"]
[Black "Sveda, Jiri"]
[Result "0-1"]
[WhiteElo "1307"]
[BlackElo "1930"]
[PlyCount "78"]
[EventDate "2016.08.20"]

1. d4 f5 2. c4 e6 3. Nf3 Nf6 4. e3 c6 5. Bd3 d5 6. cxd5 cxd5 7. Ne5 Bd6 8. Qf3
O-O 9. Nc3 Nbd7 10. Nxd7 Bxd7 11. O-O Be8 12. Qe2 a6 13. f3 Bh5 14. Qf2 h6 15.
Bd2 Rc8 16. Rae1 b5 17. e4 fxe4 18. fxe4 Nxe4 19. Qe3 Rxf1+ 20. Rxf1 Nxd2 21.
Qxd2 Qh4 22. g3 Qxd4+ 23. Kg2 Bg6 24. Rf3 Be4 25. Nxe4 dxe4 26. Re3 exd3 27.
Rxd3 Qe4+ 28. Kh3 Bc5 29. a3 Qf5+ 30. Kg2 Rf8 31. Qe2 Qf2+ 32. Qxf2 Rxf2+ 33.
Kh3 Rxb2 34. Rc3 Bf8 35. Rc6 a5 36. Rxe6 Bxa3 37. Kg4 Rxh2 38. Kf5 Kh7 39. Re5
Rh5+ 0-1

[Event "Mistrovstvi CR senioru nad 60 let"]
[Site "Pelcovo divadlo Rychnov nad Kn"]
[Date "2016.08.21"]
[Round "2.14"]
[White "Rucka, Alois"]
[Black "Brhlik, Antonin"]
[Result "1-0"]
[WhiteElo "1927"]
[BlackElo "1738"]
[PlyCount "67"]
[EventDate "2016.08.20"]

1. d4 Nf6 2. c4 g6 3. g3 Bg7 4. Bg2 O-O 5. Nc3 d6 6. e4 Nbd7 7. Nge2 c6 8. O-O
Qb6 9. h3 e5 10. dxe5 dxe5 11. b3 Rd8 12. Be3 Qc7 13. Qc2 Nf8 14. Rfd1 Be6 15.
a4 b6 16. f4 Ne8 17. f5 Bc8 18. g4 h6 19. Rxd8 Qxd8 20. Rd1 Qc7 21. Qd2 Bb7 22.
Bxh6 Bxh6 23. Qxh6 Rd8 24. Rxd8 Qxd8 25. Qe3 Kg7 26. g5 f6 27. h4 Qd6 28. Qg3
Bc8 29. Bh3 Qd8 30. Kg2 Nh7 31. Kf2 Bd7 32. fxg6 Bxh3 33. Qxh3 Nf8 34. Qf3 1-0

[Event "Mistrovstvi CR senioru nad 60 let"]
[Site "Pelcovo divadlo Rychnov nad Kn"]
[Date "2016.08.21"]
[Round "2.15"]
[White "Jablecnik, Gustav"]
[Black "Majerik, Vladimir"]
[Result "1/2-1/2"]
[WhiteElo "2108"]
[BlackElo "1811"]
[PlyCount "28"]
[EventDate "2016.08.20"]

1. e4 c6 2. Nc3 d5 3. Qf3 dxe4 4. Nxe4 Nd7 5. d4 Ndf6 6. c3 Nxe4 7. Qxe4 Nf6 8.
Qc2 Bg4 9. Bg5 Bh5 10. Bxf6 gxf6 11. Bd3 Bg6 12. O-O-O Qd5 13. Bxg6 hxg6 14.
Nf3 Qxa2 1/2-1/2

[Event "Mistrovstvi CR senioru nad 60 let"]
[Site "Pelcovo divadlo Rychnov nad Kn"]
[Date "2016.08.21"]
[Round "2.16"]
[White "Vlachopulos, Elefteris"]
[Black "Juricek, Stanislav"]
[Result "1/2-1/2"]
[WhiteElo "1736"]
[BlackElo "2082"]
[PlyCount "32"]
[EventDate "2016.08.20"]

1. d4 d5 2. Nf3 Nf6 3. c4 e6 4. Nc3 c6 5. e3 Nbd7 6. Bd3 dxc4 7. Bxc4 b5 8. Bd3
Bb7 9. O-O b4 10. Ne4 Nxe4 11. Bxe4 Qb6 12. b3 Be7 13. Bb2 O-O 14. Bc2 Ba6 15.
Re1 c5 16. dxc5 Nxc5 1/2-1/2

[Event "Mistrovstvi CR senioru nad 60 let"]
[Site "Pelcovo divadlo Rychnov nad Kn"]
[Date "2016.08.21"]
[Round "2.17"]
[White "Drabek, Miloslav"]
[Black "Perik, Alois"]
[Result "1/2-1/2"]
[WhiteElo "2078"]
[BlackElo "1829"]
[PlyCount "71"]
[EventDate "2016.08.20"]

1. d4 d5 2. Nf3 Nf6 3. c4 c6 4. Nbd2 g6 5. g3 Bg7 6. Bg2 O-O 7. O-O Re8 8. Ne5
Be6 9. Ndf3 Qc8 10. Ng5 h6 11. Nxe6 Qxe6 12. Qb3 b6 13. cxd5 cxd5 14. Be3 Nc6
15. Nxc6 Qxc6 16. Rac1 Qd7 17. Rc2 e6 18. Rfc1 Rec8 19. Bf4 Ne8 20. e4 g5 21.
Be3 dxe4 22. Bxe4 Rab8 23. d5 Rxc2 24. Rxc2 exd5 25. Bxd5 Nf6 26. Bf3 Rc8 27.
Rxc8+ Qxc8 28. Qd3 Ng4 29. Bxg4 Qxg4 30. b3 Qb4 31. h3 Qa3 32. Qc2 b5 33. Qc8+
Bf8 34. Qc2 a6 35. Kh2 Qd6 36. Qe4 1/2-1/2

[Event "Mistrovstvi CR senioru nad 60 let"]
[Site "Pelcovo divadlo Rychnov nad Kn"]
[Date "2016.08.21"]
[Round "2.18"]
[White "Uhmann, Jan"]
[Black "Nigrin, Jiri"]
[Result "1-0"]
[WhiteElo "2063"]
[BlackElo "1706"]
[PlyCount "53"]
[EventDate "2016.08.20"]

1. d4 Nf6 2. c4 g6 3. Nc3 d5 4. Nf3 c6 5. e3 Bg7 6. h3 Bf5 7. Qb3 b6 8. Ne5 O-O
9. Be2 Be6 10. O-O dxc4 11. Bxc4 Bxc4 12. Qxc4 Qc7 13. Bd2 Nfd7 14. Nf3 Qb7 15.
a4 e6 16. b4 Rc8 17. Ne4 Qc7 18. Rac1 Bf8 19. Rc2 Qb7 20. Rfc1 c5 21. dxc5 bxc5
22. bxc5 Nxc5 23. Nf6+ Kh8 24. Qh4 h5 25. Nxh5 Be7 26. Bc3+ Kg8 27. Nf6+ 1-0

[Event "Mistrovstvi CR senioru nad 60 let"]
[Site "Pelcovo divadlo Rychnov nad Kn"]
[Date "2016.08.21"]
[Round "2.19"]
[White "Tsapanidis, Vasilis"]
[Black "Dolezal, Radoslav"]
[Result "0-1"]
[WhiteElo "1817"]
[BlackElo "1974"]
[PlyCount "0"]
[EventDate "2016.08.20"]
[PlyCount "100"]

1. c4 e5 2. Nc3 Nf6 3. Nf3 Nc6 4. d4 exd4 5. Nxd4 Bc5 6. Nxc6 dxc6 7. Qxd8+
Kxd8 8. Bg5 Be6 9. e3 Bb4 10. Rc1 Ke7 11. a3 Bd6 12. Be2 Rad8 13. O-O h6 14.
Bxf6+ gxf6 15. Rfd1 f5 16. g3 Be5 17. Rxd8 Rxd8 18. Rd1 Bxc3 19. Rxd8 Kxd8 20.
bxc3 Ke7 21. c5 Bd5 22. f3 Kf6 23. Kf1 Ke5 24. Bd3 Bb3 25. e4 f4 26. Ke2 b6 27.
cxb6 cxb6 28. Kd2 a5 29. Be2 b5 30. Kc1 f5 31. exf5 Kxf5 32. Kb2 Bd5 33. Kc2
Be6 34. Kd2 Ke5 35. Bd3 Bd7 36. Be4 c5 37. Kc2 Be6 38. g4 Bxg4 39. Bc6 Bh5 40.
Kd2 b4 41. cxb4 cxb4 42. axb4 axb4 43. Kd3 Bf7 44. Ba4 b3 45. Bd7 Bd5 46. Bg4
b2 47. Kc2 Kd4 48. Kxb2 Ke3 49. Kc2 Bxf3 50. Bh3 Be2 0-1

[Event "Mistrovstvi CR senioru nad 60 let"]
[Site "Pelcovo divadlo Rychnov nad Kn"]
[Date "2016.08.21"]
[Round "2.20"]
[White "Istel, Oldrich"]
[Black "Pribyl, Jaroslav"]
[Result "1-0"]
[WhiteElo "1686"]
[BlackElo "1964"]
[PlyCount "0"]
[EventDate "2016.08.20"]
[PlyCount "91"]

1. Nf3 c5 2. g3 b6 3. Bg2 Bb7 4. O-O Nf6 5. Nc3 d5 6. d4 e6 7. Bf4 Be7 8. Re1
O-O 9. Nb5 Nc6 10. Rc1 a6 11. Nc3 b5 12. dxc5 Bxc5 13. e3 Bb4 14. Qe2 Ne4 15.
Nxe4 dxe4 16. Red1 exf3 17. Qxf3 Qc8 18. Qg4 f5 19. Qh4 e5 20. Bg5 e4 21. Bf4
Be7 22. Qh5 g6 23. Qh6 Rd8 24. g4 Bf8 25. Qg5 Bg7 26. Bh3 Ne5 27. Bxe5 Bxe5 28.
gxf5 Qc7 29. fxg6 Rxd1+ 30. Rxd1 Bxh2+ 31. Kg2 Qe5 32. gxh7+ Kh8 33. Rd8+ Rxd8
34. Qxd8+ Kxh7 35. Qd7+ Kh6 36. Qxb7 Qd6 37. Qxe4 Be5 38. Bf5 Qf6 39. b3 Kg7
40. f4 Bc7 41. Qe6 Qc3 42. Qd7+ Kg8 43. Bh7+ Kh8 44. Kf3 Bb6 45. Be4 Kg8 46.
Qe6+ 1-0

[Event "Mistrovstvi CR senioru nad 70 let"]
[Site "Pelcovo divadlo Rychnov nad Kn"]
[Date "2016.08.21"]
[Round "2.1"]
[White "Mesiarik, Rudolf"]
[Black "Truksa, Vaclav"]
[Result "1/2-1/2"]
[WhiteElo "2092"]
[BlackElo "1883"]
[PlyCount "0"]
[EventDate "2016.08.20"]
[PlyCount "61"]

1. Nf3 Nf6 2. c4 g6 3. g3 Bg7 4. Bg2 O-O 5. O-O d6 6. d4 Nc6 7. d5 Ne5 8. Nbd2
Nxf3+ 9. Nxf3 e5 10. dxe6 Bxe6 11. Nd4 Bc8 12. h3 Rb8 13. Qb3 Bd7 14. Kh2 Ng4+
15. hxg4 Bxd4 16. Qd3 Bg7 17. g5 Qe7 18. Rb1 Rfe8 19. Re1 Qe5 20. e4 Qa5 21.
Be3 Qxa2 22. c5 d5 23. Qxd5 Qxd5 24. exd5 Bf5 25. Ra1 Bxb2 26. Ra4 a6 27. Rh1
Bd3 28. Kg1 f5 29. Rah4 h5 30. gxh6 Kh7 31. Kh2 1/2-1/2

[Event "Mistrovstvi CR senioru nad 70 let"]
[Site "Pelcovo divadlo Rychnov nad Kn"]
[Date "2016.08.21"]
[Round "2.2"]
[White "Most, Zdenek"]
[Black "Pavlu, Jiri"]
[Result "1-0"]
[WhiteElo "2038"]
[BlackElo "1850"]
[PlyCount "92"]
[EventDate "2016.08.20"]

1. d4 d5 2. Nf3 c6 3. c4 e6 4. Qc2 Nf6 5. Nbd2 Be7 6. g3 Nbd7 7. Bg2 O-O 8. O-O
Ne8 9. Rb1 f5 10. b4 Nd6 11. a4 a6 12. Ne1 Ne4 13. f3 Nxd2 14. Bxd2 Nb6 15. c5
Nc4 16. Bc1 Bf6 17. e3 e5 18. Qc3 e4 19. fxe4 fxe4 20. Bxe4 Nxe3 21. Bxh7+ Kxh7
22. Bxe3 Qc7 23. Qd3+ Kg8 24. Ng2 Bh3 25. Rbe1 Qd7 26. Rf2 Rae8 27. Bd2 Rxe1+
28. Bxe1 Bxg2 29. Kxg2 Bg5 30. h4 Rxf2+ 31. Bxf2 Bh6 32. Qe2 Qc7 33. b5 axb5
34. axb5 Qd7 35. bxc6 bxc6 36. Qe5 Bd2 37. Qe2 Bc1 38. Qd1 Bh6 39. Qf3 Bc1 40.
g4 Qe7 41. g5 Qe6 42. Bg3 Qg6 43. Be5 Qc2+ 44. Kh3 Qg6 45. Kg3 Qc2 46. Bd6 Bb2
1-0

[Event "Mistrovstvi CR senioru nad 70 let"]
[Site "Pelcovo divadlo Rychnov nad Kn"]
[Date "2016.08.21"]
[Round "2.3"]
[White "Chmelik, Jiri"]
[Black "Tomandl, Vladimir"]
[Result "1/2-1/2"]
[WhiteElo "2013"]
[BlackElo "1849"]
[PlyCount "0"]
[EventDate "2016.08.20"]
[PlyCount "71"]

1. d4 Nf6 2. c4 d6 3. Nc3 g6 4. e4 Bg7 5. f3 O-O 6. Be3 Nbd7 7. Nh3 e5 8. d5 a5
9. Be2 b6 10. Nf2 Nc5 11. O-O Ne8 12. Qd2 f5 13. Bg5 Nf6 14. exf5 gxf5 15. f4
e4 16. Nfd1 Qe8 17. Ne3 Kh8 18. Nb5 Qf7 19. Nd4 Ne8 20. Rab1 Bxd4 21. Qxd4+ Qg7
22. Rfd1 Qxd4 23. Rxd4 Kg7 24. Rdd1 Nf6 25. h3 Kg6 26. Rf1 h5 27. Bh4 Bd7 28.
Be1 Rae8 29. Bc3 h4 30. Bxf6 Kxf6 31. Rbd1 Rg8 32. Kf2 Rg3 33. Rg1 Reg8 34. Rd2
Rxe3 35. Kxe3 Rg3+ 36. Kd4 1/2-1/2

[Event "Mistrovstvi CR senioru nad 70 let"]
[Site "Pelcovo divadlo Rychnov nad Kn"]
[Date "2016.08.21"]
[Round "2.4"]
[White "Havrlik, Pavel"]
[Black "Macura, Emil"]
[Result "1/2-1/2"]
[WhiteElo "1833"]
[BlackElo "1985"]
[PlyCount "0"]
[EventDate "2016.08.20"]
[PlyCount "69"]

1. c4 e5 2. Nf3 d6 3. Nc3 g6 4. d4 Nd7 5. e4 Bg7 6. Be3 Ne7 7. Qd2 c6 8. Be2
O-O 9. Bh6 Re8 10. Bxg7 Kxg7 11. h4 f6 12. O-O-O h6 13. g4 Ng8 14. dxe5 dxe5
15. g5 h5 16. Rhg1 Qe7 17. Rg3 Nf8 18. Nh2 f5 19. f4 fxe4 20. fxe5 Qxe5 21. Qd4
Bf5 22. Re3 Qxd4 23. Rxd4 Ne6 24. Rd7+ Kf8 25. Rxb7 Nc5 26. Rc7 Ne7 27. Nf1 Na6
28. Rb7 Bc8 29. Rb3 Nc5 30. Ra3 Nf5 31. Rh3 Nd4 32. Re3 a5 33. Na4 Nxe2+ 34.
Rxe2 Nd3+ 35. Kd2 1/2-1/2

[Event "Mistrovstvi CR senioru nad 70 let"]
[Site "Pelcovo divadlo Rychnov nad Kn"]
[Date "2016.08.21"]
[Round "2.5"]
[White "Jacek, Miloslav"]
[Black "Tolar, Jan"]
[Result "1-0"]
[WhiteElo "1977"]
[BlackElo "1815"]
[PlyCount "0"]
[EventDate "2016.08.20"]
[PlyCount "51"]

1. e4 d5 2. exd5 Nf6 3. d4 Nxd5 4. Nf3 Bg4 5. Be2 e6 6. c4 Nf6 7. O-O c6 8. Nc3
Bd6 9. Bg5 h6 10. Bh4 Be7 11. Re1 O-O 12. Ne5 Bxe2 13. Rxe2 Nbd7 14. Qb3 b6 15.
Nxc6 Qe8 16. Nxe7+ Qxe7 17. Nd5 Qd8 18. Nxf6+ Nxf6 19. Rd1 g5 20. Bg3 Nh5 21.
Be5 f6 22. Bg3 Re8 23. Qc3 Nxg3 24. Qxg3 e5 25. d5 Re6 26. Qh3 1-0

[Event "Mistrovstvi CR senioru nad 70 let"]
[Site "Pelcovo divadlo Rychnov nad Kn"]
[Date "2016.08.21"]
[Round "2.6"]
[White "Holecek, Vladimir"]
[Black "Haderka, Karel"]
[Result "0-1"]
[WhiteElo "1921"]
[BlackElo "1803"]
[PlyCount "0"]
[EventDate "2016.08.20"]
[PlyCount "83"]

1. d4 d5 2. Nf3 Nf6 3. c4 c6 4. Nc3 g6 5. g3 Bg7 6. cxd5 Nxd5 7. e4 Nb6 8. Bg2
O-O 9. h3 Be6 10. O-O Na6 11. Kh2 f5 12. e5 Nd5 13. Ng5 Nxc3 14. Nxe6 Nxd1 15.
Nxd8 Rfxd8 16. Rxd1 Bxe5 17. Be3 Bd6 18. a3 Nc7 19. f4 e6 20. Bf2 Kf7 21. Bf3
Nd5 22. Kg2 Rd7 23. Be2 Rad8 24. Kf3 h5 25. h4 Nf6 26. Rd3 Ne4 27. Bg1 Bc7 28.
Rad1 Bb6 29. Be3 Rd5 30. b4 R8d7 31. Bg1 Bd8 32. Kg2 Kf6 33. Kf3 Bb6 34. Kg2 a5
35. Kf3 Rd8 36. Be3 axb4 37. axb4 Ra8 38. Rb3 Ra4 39. Bc4 Rd8 40. Be2 Rda8 41.
Bc1 Ra1 42. d5 {dale zapis necitelny, cerny vyhral v 52. tazich} 0-1

[Event "Mistrovstvi CR senioru nad 70 let"]
[Site "Pelcovo divadlo Rychnov nad Kn"]
[Date "2016.08.21"]
[Round "2.7"]
[White "Glembek, Bohumir"]
[Black "Tejkal, Jiri"]
[Result "1/2-1/2"]
[WhiteElo "1798"]
[BlackElo "1910"]
[PlyCount "31"]
[EventDate "2016.08.20"]

1. d4 d5 2. c4 c6 3. cxd5 cxd5 4. Nc3 Nc6 5. Nf3 Nf6 6. Bf4 g6 7. e3 Nh5 8. Be5
f6 9. Bg3 Bg7 10. Rc1 e6 11. a3 O-O 12. Bd3 Nxg3 13. hxg3 Bd7 14. b4 Rc8 15.
Nd2 f5 16. f4 1/2-1/2

[Event "Mistrovstvi CR senioru nad 70 let"]
[Site "Pelcovo divadlo Rychnov nad Kn"]
[Date "2016.08.21"]
[Round "2.8"]
[White "Vlasak, Ladislav"]
[Black "Pecka, Frantisek"]
[Result "1/2-1/2"]
[WhiteElo "1756"]
[BlackElo "2057"]
[PlyCount "0"]
[EventDate "2016.08.20"]
[PlyCount "103"]

1. e4 c5 2. Nc3 Nc6 3. g3 g6 4. Bg2 Bg7 5. d3 e6 6. Be3 d6 7. Qd2 Rb8 8. Nge2
Nd4 9. O-O Ne7 10. Nc1 b5 11. Nd1 O-O 12. c3 Ndc6 13. Bh6 e5 14. Bxg7 Kxg7 15.
Ne3 Be6 16. f4 exf4 17. gxf4 f5 18. exf5 Bxf5 19. Nxf5+ Rxf5 20. Be4 Rf6 21.
Qg2 d5 22. Bf3 Rxf4 23. Ne2 Rf6 24. Ng3 Kh8 25. Rae1 Qd6 26. b3 Ne5 27. d4
Nxf3+ 28. Rxf3 cxd4 29. cxd4 Rbf8 30. Rxf6 Qxf6 31. Kh1 Qg5 32. Qe2 Nc6 33.
Qxb5 Nxd4 34. Qc5 Qf6 35. Rf1 Nf5 36. Nxf5 gxf5 37. Qxd5 f4 38. Kg2 Rg8+ 39.
Kh1 a5 40. Qf3 Qb2 41. Qf2 Qg7 42. Qf3 h6 43. Qf2 h5 44. h3 Qg5 45. Rg1 Qd5+
46. Kh2 Rxg1 47. Kxg1 f3 48. Qb2+ Kh7 49. Kf2 Qf5 50. Qc3 Qxh3 51. Qxf3 Qh2+
52. Qg2 1/2-1/2

[Event "Mistrovstvi CR senioru nad 70 let"]
[Site "Pelcovo divadlo Rychnov nad Kn"]
[Date "2016.08.21"]
[Round "2.9"]
[White "Labik, Jaroslav"]
[Black "Vitek, Vaclav"]
[Result "0-1"]
[WhiteElo "1674"]
[BlackElo "2035"]
[PlyCount "0"]
[EventDate "2016.08.20"]
[PlyCount "62"]

1. c4 Nf6 2. Nc3 e6 3. d4 Bb4 4. a3 Bxc3+ 5. bxc3 c5 6. Nf3 Qa5 7. Bd2 Ne4 8.
Qc2 f5 9. e3 Nc6 10. Bd3 Nxd2 11. Qxd2 d6 12. d5 Ne5 13. Nxe5 dxe5 14. O-O O-O
15. f4 e4 16. Be2 Rd8 17. Rfd1 Bd7 18. Qb2 Ba4 19. Rd2 Rd6 20. Qc1 Rad8 21. Rb1
b5 22. cxb5 exd5 23. Rdb2 Kf8 24. Qe1 R8d7 25. Kf2 Qd8 26. g3 g5 27. h3 gxf4
28. gxf4 Rg7 29. Bf1 d4 30. cxd4 cxd4 31. Qb4 Qh4+ 0-1

[Event "Mistrovstvi CR senioru nad 70 let"]
[Site "Pelcovo divadlo Rychnov nad Kn"]
[Date "2016.08.21"]
[Round "2.10"]
[White "Biza, Miroslav"]
[Black "Skokan, Zdenek"]
[Result "0-1"]
[WhiteElo "1659"]
[BlackElo "1967"]
[PlyCount "72"]
[EventDate "2016.08.20"]

1. d4 f5 2. Nf3 Nf6 3. Bg5 e6 4. g3 Be7 5. Bg2 d5 6. O-O O-O 7. Nbd2 Nbd7 8. c4
c6 9. Rc1 h6 10. Bxf6 Bxf6 11. c5 Qe7 12. b4 e5 13. dxe5 Nxe5 14. Nd4 Bd7 15.
N2f3 Rae8 16. Nxe5 Qxe5 17. e3 Kh7 18. Qf3 g5 19. Rfd1 Re7 20. a4 Bg7 21. Bf1
Kh8 22. b5 f4 23. exf4 gxf4 24. g4 Qg5 25. h3 Re4 26. bxc6 bxc6 27. Qc3 Qe5 28.
Nb5 Qg5 29. Nd4 f3 30. Rd3 Bxg4 31. Qd2 Qxd2 32. Rxd2 Bxd4 33. hxg4 Rxg4+ 34.
Kh2 Be5+ 35. Kh3 Rg1 36. Rcd1 Rf5 0-1

[Event "Mistrovstvi CR senioru nad 70 let"]
[Site "Pelcovo divadlo Rychnov nad Kn"]
[Date "2016.08.21"]
[Round "2.11"]
[White "Fiser, Jiri"]
[Black "Zikmund, Jaroslav"]
[Result "1-0"]
[WhiteElo "1952"]
[BlackElo "1830"]
[PlyCount "0"]
[EventDate "2016.08.20"]
[PlyCount "47"]

1. e4 c5 2. Nf3 Nc6 3. Bb5 a6 4. Bxc6 bxc6 5. O-O Nf6 6. e5 Nd5 7. c4 Nb6 8. b3
g6 9. Ba3 Bg7 10. Nc3 O-O 11. Bxc5 d6 12. exd6 exd6 13. Bd4 Bf5 14. Bxg7 Kxg7
15. d4 Qf6 16. Qd2 Rfe8 17. Rfe1 Re6 18. Rxe6 fxe6 19. Re1 h6 20. Ne4 Bxe4 21.
Rxe4 g5 22. h4 Qf5 23. Qe3 Kf6 24. g4 1-0

[Event "Mistrovstvi CR senioru nad 70 let"]
[Site "Pelcovo divadlo Rychnov nad Kn"]
[Date "2016.08.21"]
[Round "2.12"]
[White "Matoulek, Jaroslav"]
[Black "Laszkiewicz, Jerzy"]
[Result "1-0"]
[WhiteElo "1616"]
[BlackElo "1941"]
[PlyCount "0"]
[EventDate "2016.08.20"]
[PlyCount "67"]

1. e4 c5 2. Nf3 Nc6 3. c3 d5 4. exd5 Qxd5 5. h3 e5 6. Be2 Nf6 7. O-O Be7 8. d3
O-O 9. Bg5 h6 10. Bxf6 Bxf6 11. Nbd2 g6 12. Qb3 Qxb3 13. axb3 b6 14. Rfe1 Be6
15. Nh2 Rfd8 16. Rad1 Rac8 17. Ng4 Bg7 18. Nc4 b5 19. Nd2 f5 20. Nh2 a5 21. Ra1
e4 22. Nhf1 exd3 23. Bf3 Bd5 24. Bxd5+ Rxd5 25. Re6 Kf7 26. Re3 h5 27. f4 Re8
28. Rxe8 Kxe8 29. Re1+ Kd7 30. g3 Rd6 31. Kf2 Bf6 32. Ne3 Re6 33. Nd5 Rxe1 34.
Kxe1 1-0

[Event "Mistrovstvi CR senioru nad 50 let"]
[Site "Pelcovo divadlo Rychnov nad Kn"]
[Date "2016.08.22"]
[Round "3.1"]
[White "Mohapl, Petr"]
[Black "Sabol, Marian"]
[Result "0-1"]
[WhiteElo "2098"]
[BlackElo "2337"]
[PlyCount "120"]
[EventDate "2016.08.20"]

1. d4 Nf6 2. c4 c5 3. d5 b5 4. cxb5 a6 5. bxa6 d6 6. Nc3 g6 7. e4 Bg7 8. Nf3
O-O 9. Be2 Bxa6 10. O-O Nbd7 11. Re1 Qb6 12. h3 Rfb8 13. Qc2 Ra7 14. Rb1 Ne8
15. b3 Bxe2 16. Rxe2 Qa6 17. Kf1 Rab7 18. Bd2 Nc7 19. Ne1 Bd4 20. Qd3 Qa7 21.
Nf3 Bg7 22. Na4 Nb5 23. Rc1 Ne5 24. Nxe5 Bxe5 25. Bc3 Nxc3 26. Nxc3 Qa3 27.
Rcc2 Rb4 28. g3 Rd4 29. Qf3 Qa6 30. Kg2 Rbb4 31. Re3 Rb8 32. Ne2 Rd1 33. Qg4
Kg7 34. Rc1 Rd2 35. a4 h5 36. Qf3 h4 37. gxh4 Bd4 38. Nxd4 cxd4 39. Ree1 Rd3
40. Qg4 Rdxb3 41. Rc7 R3b7 42. Rec1 Qxa4 43. h5 d3 44. hxg6 fxg6 45. Qe6 Qe8
46. Rxb7 Rxb7 47. Rc8 Qf7 48. Qxf7+ Kxf7 49. Rc3 d2 50. Rd3 Rb2 51. Rf3+ Kg7
52. Rd3 Kf6 53. Kf1 Ke5 54. f3 Rb3 55. Rxd2 Rxf3+ 56. Kg2 Re3 57. Rd1 Rxe4 58.
Kg3 Rd4 59. Re1+ Kf6 60. Rf1+ Kg7 0-1

[Event "Mistrovstvi CR senioru nad 50 let"]
[Site "Pelcovo divadlo Rychnov nad Kn"]
[Date "2016.08.22"]
[Round "3.2"]
[White "Bartos, Jan"]
[Black "Urban, Zdenek"]
[Result "0-1"]
[WhiteElo "2156"]
[BlackElo "2153"]
[PlyCount "54"]
[EventDate "2016.08.20"]

1. d4 d5 2. c4 c6 3. Nc3 Nf6 4. e3 e6 5. Nf3 Nbd7 6. Bd3 dxc4 7. Bxc4 b5 8. Be2
Bb7 9. O-O Bd6 10. e4 e5 11. dxe5 Nxe5 12. Nd4 O-O 13. h3 Qb6 14. Nb3 Rad8 15.
Qc2 Bb8 16. Be3 Qc7 17. f4 Ng6 18. e5 Rfe8 19. Rac1 a6 20. a3 Rxe5 21. fxe5
Qxe5 22. Rf3 Nh4 23. Kf2 Qh2 24. Rd1 Qxg2+ 25. Ke1 Nxf3+ 26. Bxf3 Bg3+ 27. Bf2
Qg1+ 0-1

[Event "Mistrovstvi CR senioru nad 50 let"]
[Site "Pelcovo divadlo Rychnov nad Kn"]
[Date "2016.08.22"]
[Round "3.3"]
[White "Kozak, Milos"]
[Black "Siebenburger, Vlastimil"]
[Result "1-0"]
[WhiteElo "2145"]
[BlackElo "2068"]
[PlyCount "129"]
[EventDate "2016.08.20"]

1. d4 d5 2. c4 c6 3. Nf3 Nf6 4. e3 e6 5. Nc3 Nbd7 6. Qc2 Bd6 7. Bd3 O-O 8. O-O
dxc4 9. Bxc4 e5 10. h3 h6 11. Rd1 Qe7 12. Nh4 Nb6 13. Ng6 Qe8 14. Bb3 e4 15.
Nxf8 Kxf8 16. Ne2 Bf5 17. Ng3 Bg6 18. Bd2 h5 19. a3 a5 20. Ba2 h4 21. Nf1 Bh5
22. Re1 g5 23. b4 g4 24. hxg4 Bxg4 25. bxa5 Nbd5 26. Bxd5 Nxd5 27. Bb4 Nxb4 28.
axb4 Qe6 29. Nh2 Bh5 30. Kh1 Bf3 31. Nxf3 exf3 32. Rg1 Qg4 33. Qd1 fxg2+ 34.
Rxg2 Qxd1+ 35. Rxd1 Bxb4 36. Rb1 Bd6 37. Rxb7 Rxa5 38. f4 c5 39. Rd7 Ra6 40.
dxc5 Bxc5 41. Rd3 Ra1+ 42. Rg1 Ra2 43. Rc1 Be7 44. Rdc3 Bb4 45. Rb3 Bd2 46.
Rcb1 Ra4 47. Rd3 Ba5 48. Kg2 Kg7 49. Kh3 Ra2 50. Rg1+ Kf6 51. Kxh4 Kf5 52. Rd5+
Ke4 53. Re5+ Kf3 54. Rg3+ Kf2 55. Kg4 Ra1 56. Rh5 Ke2 57. Re5 Kf2 58. Rf3+ Ke2
59. Rh3 Rg1+ 60. Kf5 Bc3 61. Re7 f6 62. Re6 Rg8 63. e4 Bd4 64. Rd6 Ba1 65. Ra6
1-0

[Event "Mistrovstvi CR senioru nad 50 let"]
[Site "Pelcovo divadlo Rychnov nad Kn"]
[Date "2016.08.22"]
[Round "3.4"]
[White "Petras, Milan"]
[Black "Fiedler, Bedrich"]
[Result "1/2-1/2"]
[WhiteElo "1963"]
[BlackElo "2114"]
[PlyCount "34"]
[EventDate "2016.08.20"]

1. e4 g6 2. g3 Bg7 3. Bg2 c5 4. c3 Nc6 5. d3 d6 6. Be3 e5 7. f4 Nge7 8. Nf3 b6
9. O-O O-O 10. f5 gxf5 11. Nh4 fxe4 12. dxe4 f6 13. Qd2 Be6 14. Rd1 Bg4 15. Rf1
Be6 16. Rd1 Bg4 17. Rf1 Be6 1/2-1/2

[Event "Mistrovstvi CR senioru nad 50 let"]
[Site "Pelcovo divadlo Rychnov nad Kn"]
[Date "2016.08.22"]
[Round "3.5"]
[White "Elias, Miroslav"]
[Black "Dolezal, Rudolf"]
[Result "1-0"]
[WhiteElo "2047"]
[BlackElo "1747"]
[PlyCount "0"]
[EventDate "2016.08.20"]
[PlyCount "49"]

1. e4 d6 2. d4 g6 3. f4 Bg7 4. Nf3 Nf6 5. Bd3 O-O 6. O-O c5 7. dxc5 dxc5 8. e5
Nd5 9. Be4 e6 10. c4 Nb6 11. Be3 Na6 12. Qe2 Qe7 13. Nc3 Nb4 14. Rad1 a6 15.
Rd6 Nd7 16. Rfd1 f5 17. Bb1 Nc6 18. Qf2 Na5 19. b3 b6 20. Na4 Rb8 21. Ng5 Nb7
22. Rxe6 Qd8 23. Nxb6 Qc7 24. Nd5 Qa5 25. Ne7+ 1-0

[Event "Mistrovstvi CR senioru nad 50 let"]
[Site "Pelcovo divadlo Rychnov nad Kn"]
[Date "2016.08.22"]
[Round "3.6"]
[White "Humlicek, Vojtech"]
[Black "Privoznik, Lubos"]
[Result "1-0"]
[WhiteElo "1963"]
[BlackElo "1640"]
[PlyCount "83"]
[EventDate "2016.08.20"]

1. e4 c6 2. d4 d5 3. Nc3 dxe4 4. Nxe4 Bf5 5. Ng3 Bg6 6. Nh3 Nf6 7. Nf4 Nbd7 8.
Bc4 Qc7 9. c3 Nb6 10. Bb3 Nbd5 11. Qf3 e6 12. h4 Nxf4 13. Bxf4 Bd6 14. Bxd6
Qxd6 15. h5 Bf5 16. Nxf5 exf5 17. Qxf5 Nd5 18. O-O-O Qf4+ 19. Qxf4 Nxf4 20. g3
Nd5 21. Rde1+ Kd7 22. Kd2 Rae8 23. Rxe8 Rxe8 24. Re1 Rxe1 25. Kxe1 f5 26. Kd2
Nf6 27. Bd1 c5 28. Ke3 cxd4+ 29. Kxd4 Kd6 30. Bf3 b6 31. a4 Nd7 32. b4 Ne5 33.
Bg2 Nd7 34. f4 Nf6 35. Bf3 Ke6 36. Kc4 Kd6 37. Kd4 Ke6 38. c4 Ne8 39. c5 bxc5+
40. Kxc5 Nd6 41. Kc6 Ne4 42. Kb7 1-0

[Event "Mistrovstvi CR senioru nad 50 let"]
[Site "Pelcovo divadlo Rychnov nad Kn"]
[Date "2016.08.22"]
[Round "3.7"]
[White "Pociejowski, Marek"]
[Black "Stuchly, Jaroslav"]
[Result "1-0"]
[WhiteElo "1851"]
[BlackElo "1871"]
[PlyCount "0"]
[EventDate "2016.08.20"]
[PlyCount "58"]

1. d4 Nf6 2. c4 e6 3. Bg5 Be7 4. Nf3 d5 5. e3 Nbd7 6. Nc3 O-O 7. Rc1 c5 8. Bd3
dxc4 9. Bxc4 cxd4 10. exd4 a6 11. a4 h6 12. Bh4 Nb6 13. Bb3 Nfd5 14. Bg3 Nxc3
15. bxc3 Nd5 16. O-O b5 17. Re1 Bb7 18. Qd3 bxa4 19. Bxa4 Nf6 20. Rb1 Rb8 21.
Be5 Ng4 22. Bc2 g6 23. Bg3 Qd7 24. h3 Bxf3 25. Qxf3 Nf6 26. Be5 Ne8 27. Bxb8
Nd6 28. Bxd6 Qxd6 29. Bd3 Bd8 {zapis neni dale citelny, bily vyhral v 44.
tazich} 1-0